000
00343nam a2200133Ia 4500
008
151001s9999||||xx |||||||||||||| ||und||
100
_a
ज्योत्स्ना देवधर
245
_a
चुकामुक
250
_a
1
260
_b
केशरी प्रकाशन
260
_c
1970
300
_a
160
365
_b
7
999
_c
954564
_d
954561